LEADER 01377nam 2200445 450 001 996466744003316 005 20220303140417.0 010 $a981-16-6679-2 035 $a(MiAaPQ)EBC6845686 035 $a(Au-PeEL)EBL6845686 035 $a(CKB)20462093500041 035 $a(PPN)262174553 035 $a(EXLCZ)9920462093500041 100 $a20220303d2021 uy 0 101 0 $aeng 135 $aurcnu|||||||| 181 $ctxt$2rdacontent 182 $cc$2rdamedia 183 $acr$2rdacarrier 200 00$aHybrid quantum systems /$fYoshiro Hirayama, Koji Ishibashi, Kae Nemoto, editors 210 1$aGateway East, Singapore :$cSpringer,$d[2021] 210 4$dİ2021 215 $a1 online resource (352 pages) 225 1 $aQuantum science and technology 311 08$aPrint version: Hirayama, Yoshiro Hybrid Quantum Systems Singapore : Springer Singapore Pte. Limited,c2022 9789811666780 320 $aIncludes bibliographical references. 410 0$aQuantum science and technology. 606 $aQuantum systems 615 0$aQuantum systems. 676 $a530.12011 702 $aHirayama$b Yoshiro 702 $aIshibashi$b Ko?ji 702 $aNemoto$b Kae 801 0$bMiAaPQ 801 1$bMiAaPQ 801 2$bMiAaPQ 906 $aBOOK 912 $a996466744003316 996 $aHybrid Quantum Systems$92581366 997 $aUNISA